Fandom Ship Members Quiz Stats

 Plays Quiz not verified by Sporcle

Challenge
Share
Tweet
Embed
Score 0/33 Timer 10:00
0 Plays Today
% Correct
???
64.8%
???
64.3%
???
63.8%
???
63.4%
???
63.4%
???
63%
???
62.8%
???
62.7%
???
62.6%
???
62.6%
???
62.6%
???
62.1%
???
61.9%
???
61.9%
???
61.7%
???
61.6%
???
61.5%
% Correct
???
61.4%
???
61.4%
???
61.2%
???
60.8%
???
60.2%
???
59.9%
???
59.4%
???
59.2%
???
58.9%
???
58.9%
???
58.5%
???
57.4%
???
57%
???
52.7%
???
48.1%
???
46%

You're not logged in!

Compare scores with friends on all Sporcle quizzes.
OR
Log In

You Might Also Like...

Show Comments

Extras

Created Apr 24, 2015ReportNominate
Tags:shipping

Top Quizzes Today


Score Distribution

Your Account Isn't Verified!

In order to create a playlist on Sporcle, you need to verify the email address you used during registration. Go to your Sporcle Settings to finish the process.

Report this User

Report this user for behavior that violates our Community Guidelines.

Details: